[Event "O Pohár mìsta Øíèany 2015 - OPEN A"]
[Site "Øíèany"]
[Date "2015.08.22"]
[Round "1.27"]
[White "Lacina, Filip"]
[Black "Chromovsky, Hynek"]
[Result "1-0"]
[WhiteElo "2017"]
[BlackElo "1768"]
[PlyCount "0"]
[EventDate "2015.08.22"]

1. e4 c5 2. Nf3 e6 3. d3 Nc6 4. g3 g6 5. Bg2 Bg7 6. O-O Nge7 7. Nbd2 O-O 8. Nh4
d5 9. f4 f5 10. exf5 exf5 11. Ndf3 Qd6 12. c3 Bd7 13. d4 cxd4 14. cxd4 Rac8
15. Be3 Nb4 16. Rf2 Rfe8 17. a3 Nbc6 18. Ne5 Be6 19. b4 Rc7 20. Rc1 Rec8
21. Rfc2 a5 22. b5 Nb8 23. Rxc7 Rxc7 24. Rxc7 Qxc7 25. Nhf3 Nd7 26. Ng5 Nxe5
27. dxe5 Bd7 28. Bxd5+ Kh8 29. a4 Qc3 30. Bf2 h6 31. Nf7+ Kh7 32. Ba2 Bxb5
33. axb5 Qb2 34. Qb3 Qc1+ 35. Kg2 Qc7 36. Nd6 1-0

[Event "O Pohár mìsta Øíèany 2015 - OPEN A"]
[Site "Øíèany"]
[Date "2015.08.22"]
[Round "1.28"]
[White "Barton, Milan"]
[Black "Vystrcil, Martin"]
[Result "0-1"]
[WhiteElo "1750"]
[BlackElo "2014"]
[PlyCount "0"]
[EventDate "2015.08.22"]

1. e4 Nf6 2. e5 Nd5 3. d4 d6 4. exd6 cxd6 5. Nf3 g6 6. c3 Bg7 7. Bd3 O-O 8. O-O
Nb6 9. Na3 Nc6 10. Bg5 h6 11. Be3 e5 12. dxe5 dxe5 13. Qe2 Bg4 14. Be4 f5
15. Bxb6 axb6 16. Qc4+ Kh7 17. Bxc6 Rc8 18. h3 Bxf3 19. gxf3 Rxc6 20. Qb4 Qg5+
21. Kh2 e4 22. Rg1 Be5+ 23. Kh1 Qf4 24. Rg3 Bd6 25. Qd4 Qh4 26. Kg2 Bxg3
27. Qd7+ Kg8 28. fxg3 exf3+ 29. Kf2 Qxh3 30. Qd5+ Rf7 31. Kxf3 f4 32. Rg1 fxg3+
33. Ke4 Qg4+ 34. Kd3 Re6 35. Kc2 Rf2+ 36. Kb3 g2 37. Nc4 Qe4 38. Qd8+ Rf8
39. Qd7 Rf7 40. Qd8+ Kg7 41. Qd2 b5 42. Nd6 Qa4# 0-1

[Event "O Pohár mìsta Øíèany 2015 - OPEN A"]
[Site "Øíèany"]
[Date "2015.08.22"]
[Round "1.29"]
[White "Splichal, Petr"]
[Black "Petr, Jakub"]
[Result "0-1"]
[WhiteElo "2009"]
[BlackElo "1750"]
[PlyCount "0"]
[EventDate "2015.08.22"]

1. d4 Nf6 2. Bg5 Ne4 3. h4 Nxg5 4. hxg5 g6 5. Nf3 Bg7 6. e3 c5 7. c3 d6 8. dxc5
dxc5 9. Qxd8+ Kxd8 10. Bc4 e6 11. Nbd2 b6 12. O-O-O Ke7 13. Ne4 Bb7 14. Nd6 Bc6
15. Rd2 a6 16. Rhd1 b5 17. Bb3 c4 18. Bc2 Nd7 19. Be4 Bxe4 20. Nxe4 Rhd8 21. Nd4
Rac8 22. f4 h5 23. Nf6 Bxf6 24. gxf6+ Ke8 25. Nf3 Nxf6 26. Rd6 Rxd6 27. Rxd6 Nd5
28. Rxa6 Nxe3 29. Rb6 Nxg2 30. Rxb5 h4 31. Ng5 Nxf4 32. Rb7 h3 33. Ne4 h2
34. Nd6+ Kf8 0-1

[Event "O Pohár mìsta Øíèany 2015 - OPEN A"]
[Site "Øíèany"]
[Date "2015.08.22"]
[Round "1.30"]
[White "Sadil, Jan"]
[Black "Postupa, Pavel"]
[Result "0-1"]
[WhiteElo "1734"]
[BlackElo "2002"]
[PlyCount "0"]
[EventDate "2015.08.22"]

1. d4 Nf6 2. Nf3 e6 3. c4 c5 4. Bg5 cxd4 5. Nxd4 Nc6 6. Nxc6 bxc6 7. Nc3 Rb8
8. Qc2 Be7 9. e3 Qb6 10. Rb1 Qa5 11. Bd3 Qxg5 0-1

[Event "O Pohár mìsta Øíèany 2015 - OPEN A"]
[Site "Øíèany"]
[Date "2015.08.22"]
[Round "1.31"]
[White "Kolasin, Jan"]
[Black "Skubal, Ondrej"]
[Result "0-1"]
[WhiteElo "2001"]
[BlackElo "1725"]
[PlyCount "0"]
[EventDate "2015.08.22"]

1. e4 c5 2. Nf3 Nc6 3. d4 cxd4 4. Nxd4 g6 5. c4 Bg7 6. Be3 Qb6 7. Nb5 Qa5+
8. Bd2 Qd8 9. Bc3 Nf6 10. Bd3 d6 11. O-O O-O 12. Nd2 Bd7 13. f4 a6 14. Na3 Ng4
15. Bxg7 Qb6+ 16. Kh1 Kxg7 17. c5 Qxc5 18. Qf3 b5 19. h3 Nf6 20. Rac1 Qb6 21. g4
Nb4 22. Bb1 Rac8 23. Rce1 Qd4 24. Re2 Qxb2 25. g5 Nh5 26. Ndc4 Qxe2 27. Qc3+ 0-1

[Event "O Pohár mìsta Øíèany 2015 - OPEN A"]
[Site "Øíèany"]
[Date "2015.08.22"]
[Round "1.32"]
[White "Cabart, Pavel"]
[Black "Koper, Stefan"]
[Result "1-0"]
[WhiteElo "1704"]
[BlackElo "1991"]
[PlyCount "0"]
[EventDate "2015.08.22"]

1. e4 g6 2. d4 Bg7 3. Nc3 d6 4. Bg5 Nd7 5. Qd2 c5 6. dxc5 Nxc5 7. Bb5+ Bd7
8. Bxd7+ Qxd7 9. f3 Nf6 10. O-O-O h6 11. Be3 g5 12. e5 Nh5 13. Bxc5 Bxe5
14. Nge2 Qe6 15. Bd4 O-O 16. h4 Nf4 17. Bxe5 dxe5 18. Nxf4 gxf4 19. Qd5 Qxd5
20. Rxd5 f6 21. Rd7 Rf7 22. Rhd1 Rg7 23. R1d2 Rb8 24. Nd5 Kf8 25. Nc7 Kf7 26. c4
a6 27. b4 Rbg8 28. Nd5 Ke6 29. Rxb7 Rxg2 30. Rxe7+ Kd6 31. Ra7 Rg1+ 32. Kc2 R8g2
33. Rxa6+ Kd7 34. Nxf6+ Kc7 35. Rxg2 Rxg2+ 36. Kd3 Rf2 37. Ke4 Re2+ 38. Kf5 Kb7
39. b5 Re3 40. Ng4 Rxf3 41. Nxe5 Rf1 42. Ke4 h5 43. Rh6 f3 44. Nxf3 Ra1 45. Rxh5
Rxa2 46. Kd5 Rf2 47. Nd4 Rf7 48. c5 Rd7+ 49. Kc4 Re7 50. Rh8 Re1 51. h5 Re5
52. h6 Rh5 53. h7 Rh1 54. Kd5 Rh5+ 55. Kd6 Rh1 56. Re8 Rh6+ 57. Ne6 Ka7 58. h8=Q
1-0

[Event "O Pohár mìsta Øíèany 2015 - OPEN A"]
[Site "Øíèany"]
[Date "2015.08.22"]
[Round "1.33"]
[White "Petrun, Milan"]
[Black "Vorisek, Jakub"]
[Result "0-1"]
[WhiteElo "1991"]
[BlackElo "1692"]
[PlyCount "0"]
[EventDate "2015.08.22"]

1. Nf3 d5 2. g3 c5 3. Bg2 Nc6 4. d3 Bf5 5. O-O Nf6 6. Na3 e6 7. Bf4 Be7 8. c4
O-O 9. Qb3 b6 10. Rfe1 Rc8 11. Rad1 d4 12. Ne5 Nxe5 13. Bxe5 Bd6 14. Bxf6 Qxf6
15. Qa4 Bb8 16. b4 Qe7 17. Rb1 cxb4 18. Nc2 e5 19. Nxb4 e4 20. Qb3 Rfe8 21. Nd5
Qe5 22. Qb4 Bd6 23. Qd2 Bc5 24. Nf4 a5 25. Bh3 Bxh3 26. Nxh3 Bb4 27. Qc2 Bxe1
28. Rxe1 b5 29. Nf4 g5 30. Ng2 Qf5 31. Rd1 exd3 32. exd3 bxc4 33. Qa4 Re2
34. Rf1 Qd5 35. h4 h6 36. hxg5 hxg5 37. Qd1 Rce8 38. dxc4 Qxc4 39. Qb1 Qc2
40. Qb7 Qe4 41. Qc7 Qd5 42. a3 d3 43. Rc1 d2 44. Rd1 Re1+ 45. Nxe1 Rxe1+
46. Rxe1 dxe1=Q+ 0-1

[Event "O Pohár mìsta Øíèany 2015 - OPEN A"]
[Site "Øíèany"]
[Date "2015.08.22"]
[Round "1.34"]
[White "Zlamana, Anna"]
[Black "Dlouhy, Ondrej"]
[Result "1/2-1/2"]
[WhiteElo "1692"]
[BlackElo "1984"]
[PlyCount "0"]
[EventDate "2015.08.22"]

1. e4 e5 2. Nf3 Nc6 3. Nc3 Nf6 4. d4 exd4 5. Nxd4 Bb4 6. Nxc6 bxc6 7. Bd3 O-O
8. O-O Re8 9. Qf3 d6 10. h3 h6 11. Bf4 Be6 12. Ne2 Qd7 13. Rad1 Nh7 14. a3 Bc5
15. b4 Bb6 16. e5 d5 17. c4 c5 18. Bxh7+ Kxh7 19. cxd5 Bf5 20. Ng3 Bg6 21. Rfe1
cxb4 22. axb4 Qb5 23. Qc3 Rad8 24. Qd2 a5 25. d6 axb4 26. Ne4 Bxe4 27. Rxe4 cxd6
28. Rxb4 Qa5 29. Qc2+ Kg8 30. Ra4 Qb5 31. Rb1 Qc5 32. Rc4 Qa5 33. exd6 Re1+
34. Kh2 Rxb1 35. Qxb1 Bxf2 36. Rc7 g5 37. Qb3 Qf5 38. Bg3 Bd4 39. Re7 Qf1
40. Re1 Qf6 41. Qf3 Qxf3 42. gxf3 Bc5 43. Rd1 Kf8 44. Rd5 Bb4 45. Rd4 Bc3
46. Rc4 Bf6 47. Rc7 Ra8 48. Kg2 Ra2+ 49. Kf1 Ke8 50. Ke1 Rg2 51. Bf2 Bd8 52. Rb7
Rh2 53. Bc5 Ba5+ 54. Kf1 Rc2 55. d7+ Kd8 56. Bd4 Rc6 57. Be5 Bc7 58. Bxc7+ Rxc7
59. Rb6 h5 60. Rh6 h4 61. Rf6 1/2-1/2

[Event "O Pohár mìsta Øíèany 2015 - OPEN A"]
[Site "Øíèany"]
[Date "2015.08.22"]
[Round "1.35"]
[White "Petras, Milan"]
[Black "Kunc, Jan"]
[Result "1-0"]
[WhiteElo "1968"]
[BlackElo "1685"]
[PlyCount "0"]
[EventDate "2015.08.22"]

1. Nf3 d5 2. c4 e6 3. d4 Nf6 4. Nc3 Be7 5. Bg5 O-O 6. e3 Nbd7 7. Rc1 c6 8. Qc2
b6 9. Bd3 dxc4 10. Bxc4 c5 11. O-O Bb7 12. Rfd1 Rc8 13. Qb3 Re8 14. Ne5 Qc7
15. Nb5 Qb8 16. Bxe6 Nxe5 17. dxe5 fxe6 18. exf6 Bxf6 19. Bxf6 gxf6 20. Nd6 Bd5
21. Rxd5 exd5 22. Qxd5+ Kh8 23. Nxe8 Rxe8 24. Rd1 Qc7 25. Qf5 Qe5 26. Qxe5 fxe5
27. Rd7 a6 28. e4 b5 29. Kf1 c4 30. Rc7 Rd8 31. Ke2 a5 32. Rc5 Rb8 33. Rxe5 Kg7
34. Kd2 Kf6 35. Rf5+ Ke6 36. Kc3 Rb7 37. f4 Kd6 38. Rf6+ Kc5 39. Rf5+ Kd6 40. a4
bxa4 41. Rxa5 Rb3+ 42. Kc2 Rb4 43. f5 1-0

[Event "O Pohár mìsta Øíèany 2015 - OPEN A"]
[Site "Øíèany"]
[Date "2015.08.22"]
[Round "1.36"]
[White "Hrbek, Stepan"]
[Black "Picek, Miroslav"]
[Result "0-1"]
[WhiteElo "1683"]
[BlackElo "1966"]
[PlyCount "0"]
[EventDate "2015.08.22"]

1. d4 Nf6 2. c4 e6 3. g3 c5 4. d5 exd5 5. cxd5 d6 6. Nc3 g6 7. Bg2 Bg7 8. e4
O-O 9. f4 Re8 10. Nge2 b5 11. Qc2 b4 12. Nd1 Ba6 13. Be3 Nbd7 14. a3 bxa3
15. Rxa3 Bxe2 16. Kxe2 Ng4 17. Nf2 Nxe3 18. Rxe3 Bd4 19. Ra3 Nb6 20. Kf3 Re7
21. Rha1 Qe8 22. Qb3 c4 23. Qa2 Bc5 24. Ra5 f5 25. e5 Bb4 26. Ra6 Qb5 27. Ke2
c3+ 28. Nd3 Rc8 29. Rxa7 Rxa7 30. Qxa7 cxb2 31. e6 Rc2+ 32. Ke3 Bc5+ 33. Nxc5
Qxc5+ 34. Kd3 Qc3# 0-1

[Event "O Pohár mìsta Øíèany 2015 - OPEN A"]
[Site "Øíèany"]
[Date "2015.08.22"]
[Round "1.37"]
[White "Hradecky, Ivo"]
[Black "Havlicek, Pavel"]
[Result "1-0"]
[WhiteElo "1965"]
[BlackElo "1673"]
[PlyCount "0"]
[EventDate "2015.08.22"]

1. d4 d5 2. c4 e5 3. dxe5 d4 4. Nf3 Nc6 5. g3 Bb4+ 6. Bd2 Qe7 7. Bg2 f6 8. exf6
Nxf6 9. O-O Bc5 10. b4 Nxb4 11. Bxb4 Bxb4 12. Qxd4 Bc5 13. Qd3 O-O 14. Nc3 Be6
15. Ng5 c6 16. Nxe6 Qxe6 17. Na4 Be7 18. Qc2 Rac8 19. c5 Rcd8 20. Rab1 Rd7
21. Nb2 Bd8 22. Nd3 Rdf7 23. Rb2 Re7 24. Rfb1 Rff7 25. Qa4 a6 26. Qd4 Rd7
27. Qe5 Qe7 28. Qb8 g6 29. Ne5 Qxc5 30. Nxf7 Ng4 31. Nxd8 Qxf2+ 32. Kh1 Qf8
33. Nxc6 1-0

[Event "O Pohár mìsta Øíèany 2015 - OPEN A"]
[Site "Øíèany"]
[Date "2015.08.22"]
[Round "1.38"]
[White "Hlavacek, Ondrej"]
[Black "Cermak, Jan"]
[Result "1/2-1/2"]
[WhiteElo "1668"]
[BlackElo "1962"]
[PlyCount "0"]
[EventDate "2015.08.22"]

1. d4 d5 2. c4 c6 3. Nf3 Nf6 4. e3 a6 5. Nc3 b5 6. cxb5 cxb5 7. b4 Bg4 8. Be2
e6 9. a3 Bd6 10. Bd2 O-O 11. a4 Bxb4 12. axb5 a5 13. O-O Nbd7 14. Na4 Bd6
15. Nh4 Bxe2 16. Qxe2 Ne4 17. Nf3 Nb6 18. Nxb6 Qxb6 19. Rfb1 Rfc8 20. Rc1 Rc7
21. Rxc7 Bxc7 22. Rc1 Nd6 23. Rb1 Nc4 24. e4 Nxd2 25. Nxd2 Qxd4 26. exd5 exd5
27. Nf3 Qe4 28. Qxe4 dxe4 29. Nd2 f5 30. b6 Bd6 31. b7 Rb8 32. Rb5 Kf7 33. Rxf5+
Ke6 34. Rb5 1/2-1/2

[Event "O Pohár mìsta Øíèany 2015 - OPEN A"]
[Site "Øíèany"]
[Date "2015.08.22"]
[Round "1.39"]
[White "Mladek, Richard"]
[Black "Chajda, Patrik"]
[Result "1-0"]
[WhiteElo "1960"]
[BlackElo "1647"]
[PlyCount "0"]
[EventDate "2015.08.22"]

1. e4 e6 2. d4 d5 3. Nd2 Be7 4. Ngf3 Nf6 5. e5 Nfd7 6. Bd3 c5 7. c3 Nc6 8. O-O
O-O 9. Re1 Qb6 10. Nf1 f6 11. exf6 Nxf6 12. Ne5 Nxe5 13. dxe5 Nd7 14. Qh5 g6
15. Bxg6 hxg6 16. Qxg6+ Kh8 17. Re3 Rf4 18. Rg3 1-0

[Event "O Pohár mìsta Øíèany 2015 - OPEN A"]
[Site "Øíèany"]
[Date "2015.08.22"]
[Round "1.40"]
[White "Stanek, Ondrej"]
[Black "Skala, Jaromir"]
[Result "1-0"]
[WhiteElo "1637"]
[BlackElo "1959"]
[PlyCount "0"]
[EventDate "2015.08.22"]

1. e4 e5 2. Nf3 Nc6 3. d4 exd4 4. Bc4 Bc5 5. c3 Nf6 6. cxd4 Bb4+ 7. Bd2 Bxd2+
8. Nbxd2 d5 9. exd5 Nxd5 10. O-O O-O 11. Re1 Be6 12. Ne4 Nc3 13. bxc3 Bxc4
14. Qc2 f6 15. Nc5 Qc8 16. Qe4 Re8 17. Qc2 b6 18. Qa4 Bd5 19. Nd3 Qg4 20. h3 Qf5
21. Nb4 Rxe1+ 22. Rxe1 Nxb4 23. Qxb4 Bxf3 24. gxf3 Qxf3 25. Qc4+ Kh8 26. Qxc7
Qxh3 27. Re3 Qc8 28. Re7 Qg4+ 29. Qg3 Qxg3+ 30. fxg3 Kg8 31. Rc7 h5 32. Kf2 b5
33. Ke3 a5 34. d5 b4 35. c4 b3 36. axb3 Rb8 37. d6 Rxb3+ 38. Ke4 Kf8 39. Rc8+
Kf7 40. d7 f5+ 41. Kd4 Rb1 42. d8=Q Rd1+ 43. Ke3 Rxd8 44. Rxd8 1-0

[Event "O Pohár mìsta Øíèany 2015 - OPEN A"]
[Site "Øíèany"]
[Date "2015.08.22"]
[Round "1.41"]
[White "Hurtak, Otto"]
[Black "Otruba, Marek"]
[Result "1-0"]
[WhiteElo "1955"]
[BlackElo "1629"]
[PlyCount "0"]
[EventDate "2015.08.22"]

1. d4 d5 2. c4 e6 3. Nc3 f5 4. cxd5 exd5 5. Bf4 Nf6 6. e3 Be7 7. Bd3 c6 8. Nf3
O-O 9. O-O Ne4 10. h3 Nd7 11. Ne5 g5 12. Bh2 Qe8 13. Nxd7 Bxd7 14. Be5 h5
15. Kh2 g4 16. f3 Nf6 17. Qc2 Qc8 18. fxg4 fxg4 19. Bh7+ Kh8 20. Qg6 Be8 21. Qh6
Qd8 22. Bg6+ 1-0

[Event "O Pohár mìsta Øíèany 2015 - OPEN A"]
[Site "Øíèany"]
[Date "2015.08.22"]
[Round "1.42"]
[White "Palla, Ivan"]
[Black "Maly, Filip"]
[Result "0-1"]
[WhiteElo "1556"]
[BlackElo "1932"]
[PlyCount "0"]
[EventDate "2015.08.22"]

1. Nf3 Nf6 2. d4 g6 3. g3 Bg7 4. Bg2 O-O 5. O-O d6 6. c3 c6 7. Bg5 Qc7 8. Bxf6
Bxf6 9. Nbd2 Nd7 10. Bh3 Bg7 11. e4 b5 12. Re1 e5 13. Nb3 a5 14. dxe5 dxe5
15. a4 bxa4 16. Bxd7 Bxd7 17. Nc5 Bg4 18. Nxa4 Rad8 19. Qe2 Rd6 20. Qe3 Rfd8
21. Nxe5 0-1

[Event "O Pohár mìsta Øíèany 2015 - OPEN A"]
[Site "Øíèany"]
[Date "2015.08.23"]
[Round "2.1"]
[White "Hadzala, Daniel"]
[Black "Plat, Vojtech"]
[Result "0-1"]
[WhiteElo "2045"]
[BlackElo "2451"]
[PlyCount "0"]
[EventDate "2015.08.22"]

1. Nf3 c5 2. g3 Nc6 3. Bg2 Nf6 4. O-O g6 5. d3 Bg7 6. Nbd2 d6 7. e4 O-O 8. Re1
Rb8 9. a4 a6 10. h3 Nd7 11. Nf1 b5 12. axb5 axb5 13. N1h2 Nb6 14. Ng4 Bd7
15. Nh4 c4 16. f4 cxd3 17. cxd3 Na4 18. Rb1 Rc8 19. f5 Ne5 20. Bh6 Nxg4 21. Bxg7
Qb6+ 22. d4 Kxg7 23. Qxg4 Qxd4+ 24. Kh2 Qf6 25. Re2 h5 26. e5 dxe5 27. Qb4 gxf5
28. Rbe1 e4 29. Rf1 Rc4 30. Qd2 Rd4 31. Qf4 e6 32. Rxe4 Rxe4 33. Bxe4 Nxb2
34. Bf3 Rc8 35. Qd6 Rc2+ 36. Ng2 Be8 37. Qb8 Bc6 38. Bxc6 Rxc6 39. Qxb5 Rc2
40. Rf3 Nc4 41. Qb7 Qd4 42. Qe7 Ne5 43. Qg5+ Kf8 44. Rb3 Rxg2+ 0-1

[Event "O Pohár mìsta Øíèany 2015 - OPEN A"]
[Site "Øíèany"]
[Date "2015.08.23"]
[Round "2.2"]
[White "Vojta, Tomas"]
[Black "Horak, Martin"]
[Result "1-0"]
[WhiteElo "2387"]
[BlackElo "2019"]
[PlyCount "0"]
[EventDate "2015.08.22"]

1. e4 d5 2. exd5 Nf6 3. Bb5+ Bd7 4. Be2 Nxd5 5. d4 Bf5 6. Nf3 e6 7. O-O Be7
8. a3 O-O 9. c4 Nb6 10. Nc3 Bf6 11. h3 Nc6 12. Be3 Re8 13. Rc1 h6 14. b4 Ne7
15. Qb3 g5 16. Ne5 Bg6 17. Rfd1 Bg7 18. a4 f6 19. Nxg6 Nxg6 20. Bh5 Kh7 21. d5
Qe7 22. dxe6 Qxe6 23. Nb5 Qf7 24. a5 Nc8 25. Qc2 f5 26. g4 Nd6 27. Nxd6 cxd6
28. gxf5 1-0

[Event "O Pohár mìsta Øíèany 2015 - OPEN A"]
[Site "Øíèany"]
[Date "2015.08.23"]
[Round "2.3"]
[White "Vystrcil, Martin"]
[Black "Vesselovsky, Serguei"]
[Result "1/2-1/2"]
[WhiteElo "2014"]
[BlackElo "2348"]
[PlyCount "0"]
[EventDate "2015.08.22"]

1. e4 c5 2. Nf3 g6 3. d4 Bg7 4. Nc3 cxd4 5. Nxd4 Nc6 6. Be3 Nf6 7. Bc4 O-O
8. Bb3 Qc7 9. Qd2 a6 10. f3 b5 11. a3 Bb7 12. O-O-O Na5 13. Ba2 e5 14. Nde2 Nc4
15. Bxc4 Qxc4 16. Ng3 Rfe8 17. Bh6 Bxh6 18. Qxh6 Re6 19. h4 Qc5 20. h5 Qf8
21. hxg6 Qxh6+ 22. Rxh6 hxg6 23. Nd5 Kg7 24. Rh3 Bxd5 25. exd5 Rd6 26. Rdh1 Re8
27. Ne4 Rxd5 28. Nc3 Rc5 29. g4 d5 30. g5 Nh5 31. Rd1 Nf4 32. Rh2 Rh8 33. Rhd2
Rh5 34. Nxd5 Nxd5 35. Rxd5 Rxd5 36. Rxd5 Rxg5 37. a4 bxa4 38. c4 Rf5 39. c5 Rf6
40. Rxe5 Rc6 41. Kc2 f5 42. Kd3 Kf6 43. Kd4 g5 44. Re8 Kf7 45. Re2 Re6 46. Rh2
g4 47. fxg4 fxg4 48. Kd5 g3 49. Rg2 Re3 50. Kd6 Rd3+ 51. Kc7 a3 52. bxa3 Rxa3
53. c6 Ke6 54. Re2+ Kf5 55. Kb7 Rc3 56. c7 Kf4 57. c8=Q Rxc8 58. Kxc8 Kf3
59. Ra2 g2 60. Ra1 Kf2 61. Kb7 a5 62. Kb6 g1=Q 63. Rxg1 Kxg1 64. Kxa5 1/2-1/2

[Event "O Pohár mìsta Øíèany 2015 - OPEN A"]
[Site "Øíèany"]
[Date "2015.08.23"]
[Round "2.4"]
[White "Mejzlik, Ondrej"]
[Black "Lacina, Filip"]
[Result "1-0"]
[WhiteElo "2312"]
[BlackElo "2017"]
[PlyCount "0"]
[EventDate "2015.08.22"]

1. c4 e6 2. Nc3 d5 3. d4 c5 4. cxd5 exd5 5. Nf3 Nc6 6. e3 Nf6 7. Be2 Be7
8. dxc5 Bxc5 9. O-O O-O 10. b3 a6 11. Bb2 Be6 12. Rc1 Ba7 13. Na4 Ne4 14. Bxa6
Nb4 15. Be2 Nxa2 16. Ra1 Nb4 17. Ba3 Nc6 18. Bxf8 Qxf8 19. Bd3 Rd8 20. Qe1 h6
21. Nd2 Nf6 22. Rc1 Qd6 23. h3 Bb8 24. f4 Ba7 25. Rf3 Nb4 26. Bb1 Bd7 27. Kh1
Bc6 28. Qh4 Re8 29. Nf1 Kh8 30. Ng3 Bd7 31. Re1 Rc8 32. Nb2 b5 33. Nd3 Nxd3
34. Bxd3 Qb4 35. Rb1 Qd2 36. Be2 Bb6 37. Rd1 Rc1 38. Rxc1 Qxc1+ 39. Nf1 Qb2
40. Bd1 b4 41. Qf2 Qa1 42. Bc2 Bb5 43. Kh2 Ne4 44. Qg1 Nc3 45. Ng3 Qa7 46. Qe1
d4 47. exd4 Bxd4 48. Nf5 Be2 49. Rxc3 1-0

[Event "O Pohár mìsta Øíèany 2015 - OPEN A"]
[Site "Øíèany"]
[Date "2015.08.23"]
[Round "2.5"]
[White "Postupa, Pavel"]
[Black "Svatos, Jan"]
[Result "0-1"]
[WhiteElo "2002"]
[BlackElo "2285"]
[PlyCount "0"]
[EventDate "2015.08.22"]

1. e4 c5 2. Nf3 e6 3. d4 cxd4 4. Nxd4 a6 5. c4 Nf6 6. Nc3 Bb4 7. f3 O-O 8. Be2
d5 9. e5 Nfd7 10. f4 dxc4 11. Bxc4 Qc7 12. Qb3 Bc5 13. Be3 Bxd4 14. Bxd4 Nc6
15. Qd1 Ncxe5 16. Bxe6 fxe6 17. fxe5 Nxe5 18. Qe2 Ng6 19. O-O-O e5 20. Be3 Nf4
21. Qd2 Bf5 22. Bxf4 exf4 23. Rhf1 Rad8 24. Qe2 Rde8 25. Qd2 Rd8 26. Qe2 Rc8
27. Rd4 Qa5 28. Rc4 Rce8 29. Qd2 Be6 30. Ra4 Qc5 31. Raxf4 Rxf4 32. Qxf4 Bxa2
33. Qa4 Qe3+ 34. Kc2 Bf7 35. Qf4 Qe6 36. Qd2 h6 37. Rf2 Bg6+ 38. Kc1 Rc8 39. h3
Kh7 40. Kd1 Qb3+ 41. Ke1 Qc4 42. Rf4 Re8+ 43. Kf2 Qc5+ 44. Qd4 Qxd4+ 45. Rxd4
Re6 46. Rb4 b5 47. Nd5 Rd6 48. Ne3 Bd3 49. Rg4 a5 50. Ke1 g5 51. h4 Kg6 52. Rg3
a4 53. Ng4 Re6+ 54. Ne3 b4 55. Kd2 Be4 56. Nc4 Bd5 57. Ne3 Rd6 58. Nxd5 Rxd5+
59. Kc2 Rd4 60. hxg5 hxg5 61. Re3 Kf5 62. g3 Re4 63. Rf3+ Kg4 64. Rd3 Kh3
65. Rd5 Rg4 66. Ra5 b3+ 67. Kc3 Kxg3 0-1

[Event "O Pohár mìsta Øíèany 2015 - OPEN A"]
[Site "Øíèany"]
[Date "2015.08.23"]
[Round "2.6"]
[White "Picek, Miroslav"]
[Black "Moravec, Vit"]
[Result "0-1"]
[WhiteElo "1966"]
[BlackElo "2209"]
[PlyCount "0"]
[EventDate "2015.08.22"]

1. Nf3 c5 2. e4 Nc6 3. d4 cxd4 4. Nxd4 g6 5. c4 Bg7 6. Be3 d6 7. Nc3 Nf6 8. Be2
O-O 9. O-O Nxd4 10. Bxd4 Bd7 11. f3 a5 12. b3 Bc6 13. Rc1 Nd7 14. Bxg7 Kxg7
15. Qd4+ Kg8 16. Nd5 Bxd5 17. cxd5 Nc5 18. f4 Qd7 19. Rf3 b5 20. Rcc3 b4
21. Rce3 Qa7 22. Rh3 Nd7 23. Qxa7 Rxa7 24. e5 Rc7 25. exd6 exd6 26. Bb5 Rc1+
27. Kf2 Nf6 28. Rd3 Rc2+ 29. Kf3 Rxa2 30. g4 Rd8 31. g5 Nd7 32. Bxd7 Rxd7
33. Ke4 Re7+ 34. Kd4 Rf2 35. Rh4 Rfe2 36. Kc4 Rc2+ 37. Kb5 Rc5+ 38. Kb6 Re8
39. Rdh3 h5 40. gxh6 a4 41. h7+ Kh8 42. bxa4 b3 43. Ka7 Rc7+ 44. Kb6 Rcc8
45. Rxb3 Rb8+ 46. Kc6 Rxb3 47. Kxd6 Rd8+ 48. Ke7 Rxd5 49. Kxf7 Rd6 50. Rh6 Rb7+
0-1

[Event "O Pohár mìsta Øíèany 2015 - OPEN A"]
[Site "Øíèany"]
[Date "2015.08.23"]
[Round "2.7"]
[White "Hollan, Martin"]
[Black "Petras, Milan"]
[Result "1-0"]
[WhiteElo "2180"]
[BlackElo "1968"]
[PlyCount "0"]
[EventDate "2015.08.22"]

1. e4 e6 2. d4 d5 3. Nc3 Bb4 4. a3 Bxc3+ 5. bxc3 c5 6. Qg4 Nf6 7. Qxg7 Rg8
8. Qh6 dxe4 9. Ne2 Nbd7 10. Ng3 cxd4 11. cxd4 Nb6 12. Qe3 Qd5 13. Be2 Bd7
14. O-O Bc6 15. f3 O-O-O 16. c3 Rg6 17. a4 Rdg8 18. Ba3 h5 19. Qf4 Nxa4 20. Rfc1
Nd7 21. fxe4 Qg5 22. Qxg5 Rxg5 23. Bxh5 f5 24. Bf3 Nf6 25. exf5 Bxf3 26. gxf3
exf5 27. Be7 f4 28. Bxf6 Ra5 29. Kf2 fxg3+ 30. hxg3 b5 31. Rh1 Ra6 32. Be5 Rc6
33. Rac1 a6 34. Rc2 b4 35. d5 Rc4 36. Rh4 Rxh4 37. gxh4 b3 38. Rc1 Nb6 39. c4 a5
40. Bd4 Kb7 41. h5 Rg5 42. Rh1 Nxc4 43. h6 Nd6 44. h7 Nf7 45. Re1 Rxd5 46. Re7+
Kc6 47. Rxf7 Rxd4 48. h8=Q Rb4 49. Qf6+ Kc5 50. Rc7+ Kd5 51. Qc6+ 1-0

[Event "O Pohár mìsta Øíèany 2015 - OPEN A"]
[Site "Øíèany"]
[Date "2015.08.23"]
[Round "2.8"]
[White "Jelinek, Michal"]
[Black "Hradecky, Ivo"]
[Result "1-0"]
[WhiteElo "2178"]
[BlackElo "1965"]
[PlyCount "0"]
[EventDate "2015.08.22"]

1. d4 d5 2. c4 e6 3. Nc3 c6 4. Nf3 Nf6 5. Bg5 dxc4 6. e4 b5 7. e5 h6 8. Bh4 g5
9. Bg3 Nd5 10. Be2 Bb4 11. Qd2 Qa5 12. Rc1 Nd7 13. h4 g4 14. Nh2 h5 15. f3 N7b6
16. Bd1 Bb7 17. fxg4 O-O-O 18. Bf2 c5 19. O-O Qxa2 20. Nxa2 Bxd2 21. Rc2 Be3
22. dxc5 Na4 23. Bf3 Bxf2+ 24. Rfxf2 hxg4 25. Bxd5 Rxd5 26. Rxf7 g3 27. Nf1 Rg8
28. c6 Bxc6 29. Nb4 Be8 30. Rxa7 Rd1 31. Rd2 Rxd2 32. Nxd2 Nxb2 33. Ne4 Kb8
34. Re7 Nd3 35. Na6+ Kc8 36. Rc7+ Kd8 37. Nd6 Nxe5 38. Nb7# 1-0

[Event "O Pohár mìsta Øíèany 2015 - OPEN A"]
[Site "Øíèany"]
[Date "2015.08.23"]
[Round "2.9"]
[White "Maly, Filip"]
[Black "Starek, Stanislav"]
[Result "0-1"]
[WhiteElo "1932"]
[BlackElo "2165"]
[PlyCount "0"]
[EventDate "2015.08.22"]

1. e4 d6 2. d4 Nf6 3. Nc3 e5 4. Be3 Nbd7 5. f3 Be7 6. Nge2 O-O 7. Qd2 c6
8. O-O-O b5 9. Ng3 Qa5 10. Nf5 Re8 11. Kb1 Bf8 12. h4 b4 13. Ne2 Nb6 14. Nc1 Qa4
15. Nb3 Be6 16. h5 c5 17. dxc5 dxc5 18. h6 Bxf5 19. hxg7 Be7 20. exf5 Red8
21. Nxc5 Rxd2 0-1

[Event "O Pohár mìsta Øíèany 2015 - OPEN A"]
[Site "Øíèany"]
[Date "2015.08.23"]
[Round "2.10"]
[White "Kotyk, Vaclav"]
[Black "Mladek, Richard"]
[Result "1-0"]
[WhiteElo "2160"]
[BlackElo "1960"]
[PlyCount "0"]
[EventDate "2015.08.22"]

1. d4 Nf6 2. c4 c5 3. d5 b5 4. cxb5 a6 5. b6 Qxb6 6. Nc3 g6 7. e4 d6 8. Be2 Bg7
9. Nf3 O-O 10. Nd2 Nbd7 11. O-O Ne8 12. Kh1 Bb7 13. a4 e6 14. Nc4 Qc7 15. dxe6
fxe6 16. Bg4 Bxc3 17. Bxe6+ Kg7 18. bxc3 Bxe4 19. Bxd7 Qxd7 20. f3 Qe6 21. fxe4
Qxc4 22. Bh6+ Kxh6 23. Rxf8 Qxe4 24. Qf1 a5 25. Re1 Qxa4 26. Qf7 Rb8 27. Rfxe8
Qxe8 28. Qxe8 1-0